LEADER 05068nam 2200445 450 001 9910829888403321 005 20231009202134.0 010 $a1-119-79125-1 035 $a(CKB)5850000000051401 035 $a(NjHacI)995850000000051401 035 $a(BIP)083466137 035 $a(EXLCZ)995850000000051401 100 $a20231009d2022 uy 0 101 0 $aeng 135 $aur||||||||||| 181 $ctxt$2rdacontent 182 $cc$2rdamedia 183 $acr$2rdacarrier 200 00$aEthics in veterinary practice $ebalancing conflicting interests /$fedited by Barry Kipperman, Bernard E. Rollin 210 1$aHoboken, New Jersey :$cJohn Wiley & Sons, Ltd,$d2022. 215 $a1 online resource (576 pages) $cillustrations 311 $a1-119-79119-7 327 $aEthics in Veterinary Practice: Balancing Conflicting Interests-B. Kipperman, B.E. Rollin, eds. -- List of contributors -- Foreword -- In memoriam -- Preface -- Introduction -- Acknowledgements -- Index -- Section 1-A Fundamental Basis for Veterinary Ethics 1- Why do Animals Matter? The Moral Status of Animals Bernard E. Rollin -- 2- Animal Welfare: Science, Policy and the Role of Veterinarians Joy A. Mench -- 3- Animal Ethics and the Evolution of the Veterinary Profession in the United StatesBernard Unti -- 4- Introduction to Veterinary Ethics Barry Kipperman Bernard E. Rollin -- 5- Veterinary Ethics and the Law Carol Gray David Favre -- Section 2-Clinical Veterinary Ethics -- 6- Professionalism Liz H. Mossop -- 7- Veterinary Advocacies and Ethical Dilemmas Barry Kipperman -- 8- Economic Issues Barry Kipperman Gary BlockBrian Forsgren -- 9- Medical Errors James Clark Barry Kipperman -- Section 3-Ethical Concerns by Practice Type -- 10- Companion Animals Shelter medicine- Julie Dinnage Outdoor cats, Overpopulation-Andrew Rowan Neutering/gonadectomy, Conformational disorders, Convenience surgeries- Anne Quain Behavioral medicine-Melissa Bain Referrals-Barry Kipperman Futile intervention -Christian Durnberger, Herwig Grimm Obesity- Barry Kipperman Access to care -Michael J. Blackwell -- 11- Laboratory Animals Larry Carbone -- 12- Food Animals Tim Blackwell Shaw Perrin Jennifer Walker -- 13- EquinesDavid W. Ramey -- 14- Animals in Zoos, Aquaria, and Free-Ranging Wildlife Sathya Chinnadurai Barbara De MoriJackie Gai -- 15- Exotic PetsMichael Dutton -- 16- Integrative MedicineNarda G. Robinson -- 17- Corporate Veterinary MedicineThomas Edling Section -- 4-Emerging Ethical Concerns -- 18- Animal Use in Veterinary EducationAndrew KnightMiriam A. Zemanova -- 19- Animal Pain Beatriz Monteiro Sheilah Robertson -- 20- Animal Maltreatment Martha Smith-Blackmore -- 21-Death James Yeates -- 22-Moral Stress Carrie Jurney Barry Kipperman -- 23-The Future of Veterinary Ethics Herwig Grimm Svenja Springer. 330 $a"While the primary consideration of this book concerns the ethical questions facing the veterinary profession, it is important to be aware of the legal context and constraints on the profession. The world of law and ethics often overlap, but not always. The legal context is actually less intrusive, dealing with fewer issues than the ethical issues that veterinarians face. But when it does speak, it trumps personal or even group ethical policy. Some small points of clarification for the language used in this chapter. "The law" relates to adopted statutes or court decisions that set out rules of conduct and creates legal responsibilities. (For example, a law might require the reporting of suspected animal cruelty). A "regulation" is a rule adopted by an agency under the authority of legislatively adopted law (For example, a regulation adopted by a Board of Veterinary Medicine might require the keeping of specific records for all acts of euthanasia). "A Code" refers to a set of directions and constraints formally adopted by a professional organization. It is not a law, but if referenced in regulations, can be operational in investigations concerning unprofessional conduct. "Professional Ethics" exist when a group of veterinarians agree upon an expectation of conduct by the members of the group. This may be in writing or may not. (For example, it is acceptable to cut off a dog's tail only if there is medical reason for that specific animal). "Personal ethics" is when an individual veterinarian makes an ethical decision out of his or her own beliefs and experience independent of the law or existing codes"--$cProvided by publisher. 517 $aEthics in Veterinary Practice 606 $aVeterinarians$xProfessional ethics 606 $aVeterinary medicine$xMoral and ethical aspects 610 $aVeterinary Medicine 610 $aMedical 615 0$aVeterinarians$xProfessional ethics. 615 0$aVeterinary medicine$xMoral and ethical aspects. 676 $a174.29 702 $aKipperman$b Barry 702 $aRollin$b Bernard E. 801 0$bNjHacI 801 1$bNjHacl 906 $aBOOK 912 $a9910829888403321 996 $aEthics in veterinary practice$94024840 997 $aUNINA LEADER 03914oam 2200889 c 450 001 9910136504903321 005 20260302090207.0 010 $a9783839436165 010 $a3839436168 024 7 $a10.14361/9783839436165 035 $a(CKB)3710000000844791 035 $a(EBL)4712155 035 $a(MiAaPQ)EBC4712155 035 $a(DE-B1597)473397 035 $a(OCoLC)953884540 035 $a(OCoLC)960710711 035 $a(DE-B1597)9783839436165 035 $a(transcript Verlag)9783839436165 035 $a(Perlego)1461569 035 $a(EXLCZ)993710000000844791 100 $a20260302d2016 uy 0 101 0 $aeng 135 $aur|n|---||||| 181 $2rdacontent 182 $2rdamedia 183 $2rdacarrier 200 10$aOrganizing Networks$eAn Actor-Network Theory of Organizations$fAndréa Belliger, David J. Krieger 205 $a1st ed. 210 $aBielefeld$ctranscript Verlag$d2016 215 $a1 online resource (273 p.) 225 0 $aSozialtheorie 300 $aDescription based upon print version of record. 311 08$a9783837636161 311 08$a383763616X 320 $aIncludes bibliographical references. 327 $aFrontmatter 1 Content 5 Preface 7 Introduction 9 1. Things Have Gotten Out of Hand - On Technical Mediation 29 2. The Communicative Constitution of Organizations CCO 53 3. Staging and Narrative - Localizing and Globalizing 79 4. The New Media Revolution and the Network Society 147 5. Organizing Networks in the Digital Age 173 6. Conclusion 243 Literature 251 330 $aWhat are organizations? Where do they come from? How are they transformed and adapted to new situations? In the digital age and in the global network society, traditional theories of the organization can no longer answer these questions. Based on actor-network theory, this book explains organizations as flexible, open networks in which both human and non-human actors enter into socio-technical assemblies by constantly negotiating and re-negotiating programs of action. Organizations are not macro social structures or autonomous systems operating behind the backs of individuals. Instead, they are scalable actor-networks guided by network norms of connectivity, flow, communication, participation, authenticity, and flexibility. 410 0$aSot?siologii?a (Sochinskii? nauchno-issledovatel?skii? t?sentr) 517 2 $aBelliger/Krieger, Organizing Networks$eAn Actor-Network Theory of Organizations 606 $aOrganization Theory 606 $aActor-Network Theory 606 $aDigital Transformation 606 $aNetwork Society 606 $aNetworked Organization 606 $aNetworked Management 606 $aSocial Theory 606 $aEconomy 606 $aSocial Relations 606 $aSociety 606 $aSociology of Organizations 606 $aSociological Theory 606 $aMedia Theory 606 $aSociology 615 4$aOrganization Theory 615 4$aActor-Network Theory 615 4$aDigital Transformation 615 4$aNetwork Society 615 4$aNetworked Organization 615 4$aNetworked Management 615 4$aSocial Theory 615 4$aEconomy 615 4$aSocial Relations 615 4$aSociety 615 4$aSociology of Organizations 615 4$aSociological Theory 615 4$aMedia Theory 615 4$aSociology 676 $a302.23 686 $aAP 13550$2rvk 700 $aBelliger$b Andréa$p

Andréa Belliger, Institut für Kommunikation & Führung, Schweiz

$4aut$01205557 702 $aKrieger$b David J$p

David J. Krieger, IKF – Institut für Kommunikation und Führung, Schweiz

$4aut 801 0$bDE-B1597 801 1$bDE-B1597 906 $aBOOK 912 $a9910136504903321 996 $aOrganizing Networks$92781924 997 $aUNINA